000 00842nas a2200265 4500
001 BR2010003737
003 BR-BrBNA
005 20231205114621.0
007 ta
008 230509b bl.|||p| |||| 00| 00por d
040 _aBR-BrBNA
_bpor
_cBiblioteca Nacional de Agricultura
041 _a(Pt)
072 _aK10
100 1 _aAlbuquerque, K.S.
100 1 _aGuimarães, R.M.
245 1 _aAvaliação da qualidade de sementes de sucupira-preta (Bowdichia virgilioides Kunth.)pelo teste de raios X
650 _aSEMENTE FLORESTAL
650 _aQUALIDADE
650 _aSUCUPIRA
650 _aÁRVORE ANGIOSPERMA
650 _aGERMINAÇÃO
773 0 _tCiência e Agrotecnologia (Brazil)
_xISSN 1413-7054
_g(Nov-Dec 2008), v. 32(6) p. 1713-1718
_wBR2010003737
909 _a202311
_bLúcia
_c55
_dLúcia Elande
942 _2AGRIS
_n0
_cANA
999 _c209590
_d209590